Sonatine en trio, op. 85 pour piano, violon et violoncelle /

Main Author: Schmitt, Florent, 1870-1958
Language: No linguistic content
Published: Paris : Durand, 1935
Physical Description: 13, 6, 6 s.
Musical Score Musical Score
Saved in:
LEADER 00692ncm a22002052a 4500
001 001232836
003 CZ BrMZK
005 20120720112612.0
007 qu
008 120720s1935 fr |||||||||||||||||zxx d
040 |a BOA001  |b cze 
072 7 |a 786  |x Hudba pro klávesové nástroje  |2 Konspekt  |9 9 
100 1 |a Schmitt, Florent,  |d 1870-1958  |7 jo2009532199  |4 cmp 
245 1 0 |a Sonatine en trio, op. 85  |h [hudebnina] :  |b pour piano, violon et violoncelle /  |c Florent Schmitt 
260 |a Paris :  |b Durand,  |c 1935 
300 |a 13, 6, 6 s. 
910 |a BOA001  |b Mus4-0577.943 
990 |a MU 
991 |b 201207 
996 6 |b 2619099780  |c Mus4-0577.943  |l MZK  |r Sklad / do 1 hodiny  |n 0  |w 001266633  |u 000010  |a 1  |e BOA001  |j MZK50  |s P